000 00652nam a2200193Ia 4500
003 GCL
008 140319s9999 xx 000 0 ara d
040 _aGCL /
_cGCL
082 0 4 _a341.72
_bغ ا
100 1 _aغازى صالح نهار
245 1 0 _aالامن القومى العربى /
_cغازى صالح نهار
300 _a134 ص
490 _aدراسات فى الشئون الدولية
_v0
650 0 4 _aالامن القومى
650 0 4 _aالسياسة العسكرية
650 0 4 _aالعالم العربى - الامن القومى
650 0 4 _aالعالم العربى - السياسةالعسكرية
942 _2ddc
_cBK
999 _c48097
_d48097